Stavebno-technologický projekt

Enregistré dans:
Détails bibliographiques
Auteur principal: Fiľo, Marek (Auteur)
Autres auteurs: Šťastný, Patrik (Directeur de thèse)
Format: Manuscrit Livre
Langue:slovaque
Publié: 2023
Sujets:
Accès en ligne:http://is.stuba.sk/zp/portal_zp.pl?podrobnosti=171300
https://opac.crzp.sk/?fn=detailBiblioForm&sid=EC7951772ACC837B5D7FC0A56A1E
Tags: Ajouter un tag
Pas de tags, Soyez le premier à ajouter un tag!

MARC

LEADER 00000ntm a22000003a 4500
001 stuzp94125
003 SK-STU
005 20230918150135.9
007 ta
008 150427s2015----xo-----f-mn---000-0-slo-d
040 |a STU  |b slo 
041 0 |a slo 
100 1 |a Fiľo, Marek  |u 010270  |4 aut  |U SvF Stavebná fakulta  |T SvF Katedra technológie stavieb  |X 93170  |U V270  |Y 28  |7 93170 
242 0 1 |a Construction-technological project  |y eng 
245 1 0 |a Stavebno-technologický projekt 
260 |c 2023 
650 4 |a zariadenie staveniska  |2 slo 
650 4 |a fasáda  |2 slo 
650 4 |a Polyfunkčný areál Prievozská - Nové Apollo  |2 slo 
650 4 |a facade  |2 eng 
650 4 |a Polyfunctional complex Prievozská - Nové Apollo  |2 eng 
650 4 |a construction site equipment  |2 eng 
700 1 |a Šťastný, Patrik  |u 010270  |k Z2  |4 ths  |U SvF Stavebná fakulta  |T SvF Katedra technológie stavieb  |X 70398  |U V270  |Y 28  |7 70398 
856 4 |u http://is.stuba.sk/zp/portal_zp.pl?podrobnosti=171300 
856 4 |u https://opac.crzp.sk/?fn=detailBiblioForm&sid=EC7951772ACC837B5D7FC0A56A1E